Statistics for All the countries of the world-empty map edition

Click here to take the quiz!

General Stats

  • This quiz has been taken 113 times
  • The average score is 162 of 196

Answers on the Map

Answers color-coded by a green-red scale on the quiz's map according to % correct below.
 

Answer Stats

Country% Correct
Turkey
93%
United States
93%
Canada
91%
China
91%
France
91%
India
91%
Mexico
91%
Spain
91%
United Kingdom
91%
Egypt
90%
Iran
90%
Japan
90%
Algeria
89%
Argentina
89%
Australia
89%
Germany
89%
Greece
89%
Hungary
89%
Kazakhstan
89%
New Zealand
89%
Russia
89%
Sweden
89%
Switzerland
89%
Austria
88%
Chile
88%
Czech Republic
88%
Finland
88%
Iraq
88%
Italy
88%
Mongolia
88%
North Korea
88%
Norway
88%
Pakistan
88%
Portugal
88%
Qatar
88%
Romania
88%
Slovenia
88%
South Africa
88%
Ukraine
88%
Uzbekistan
88%
Bulgaria
86%
Croatia
86%
Denmark
86%
Indonesia
86%
Ireland
86%
Laos
86%
Malaysia
86%
Nepal
86%
Oman
86%
Peru
86%
Poland
86%
Slovakia
86%
South Korea
86%
Sudan
86%
Tunisia
86%
Yemen
86%
Afghanistan
85%
Bolivia
85%
Brazil
85%
Colombia
85%
Cuba
85%
Kyrgyzstan
85%
Libya
85%
Niger
85%
Saudi Arabia
85%
Serbia
85%
Thailand
85%
Uruguay
85%
Belgium
84%
Bhutan
84%
Bosnia and Herzegovina
84%
Cambodia
84%
Cameroon
84%
Georgia
84%
Guatemala
84%
Guinea
84%
Haiti
84%
Honduras
84%
Israel
84%
Montenegro
84%
Nigeria
84%
Panama
84%
Paraguay
84%
Senegal
84%
South Sudan
84%
Syria
84%
Turkmenistan
84%
United Arab Emirates
84%
Venezuela
84%
Vietnam
84%
Albania
83%
Bangladesh
83%
Dominica
83%
Ethiopia
83%
Gambia
83%
Jordan
83%
Lebanon
83%
Lithuania
83%
Luxembourg
83%
Mali
83%
Malta
83%
Myanmar
83%
Namibia
83%
Nicaragua
83%
Papua New Guinea
83%
Philippines
83%
Zambia
83%
Armenia
81%
Bahamas
81%
Bahrain
81%
Benin
81%
Costa Rica
81%
Dem. Rep. of the Congo
81%
Ecuador
81%
Ghana
81%
Iceland
81%
Jamaica
81%
Kenya
81%
Kosovo
81%
Latvia
81%
Liechtenstein
81%
Netherlands
81%
Somalia
81%
Sri Lanka
81%
St. Kitts and Nevis
81%
Zimbabwe
81%
Barbados
80%
Belarus
80%
Chad
80%
Cyprus
80%
Dominican Republic
80%
Estonia
80%
Gabon
80%
Ivory Coast
80%
Kuwait
80%
Moldova
80%
Morocco
80%
Republic of the Congo
80%
Rwanda
80%
San Marino
80%
Togo
80%
Andorra
79%
Azerbaijan
79%
Central African Republic
79%
Eritrea
79%
Fiji
79%
Kiribati
79%
Lesotho
79%
North Macedonia
79%
Singapore
79%
St. Lucia
79%
Tanzania
79%
Uganda
79%
Vatican City
79%
Botswana
78%
Burkina Faso
78%
Djibouti
78%
East Timor
78%
Guinea Bissau
78%
Guyana
78%
Mauritania
78%
Monaco
78%
Samoa
78%
St. Vincent and Grenadines
78%
Taiwan
78%
Tajikistan
78%
Tonga
78%
Angola
77%
El Salvador
77%
Equatorial Guinea
77%
Eswatini
77%
Fed. States of Micronesia
77%
Liberia
77%
Madagascar
77%
Malawi
77%
Maldives
77%
Marshall Islands
77%
Mozambique
77%
Suriname
77%
Nauru
75%
Palau
75%
Solomon Islands
75%
Vanuatu
75%
Antigua and Barbuda
74%
Belize
74%
Cape Verde
74%
Grenada
74%
Mauritius
74%
Trinidad and Tobago
74%
Tuvalu
74%
Comoros
73%
Seychelles
73%
Brunei
72%
São Tomé and Príncipe
72%
Sierra Leone
72%
Burundi
69%

Score Distribution

Percentile by Number Answered

Percent of People with Each Score

Your Score History

You have not taken this quiz